| Tag |
First Indicator |
Second Indicator |
Subfields |
| LEADER |
00000cam a2200000 4500 |
| 001 |
in00000095287 |
| 005 |
20150927150042.0 |
| 008 |
710111c19701969nyuab 00000 eng |
| 010 |
|
|
|a 73126874
|
| 035 |
|
|
|a (OCoLC)00108754
|
| 035 |
|
|
|9 AAL7170AM
|
| 040 |
|
|
|a DLC
|c DLC
|d TXA
|d UtOrBLW
|
| 041 |
1 |
|
|a eng
|a ger
|
| 043 |
|
|
|a fw-----
|
| 049 |
|
|
|a TXAM
|c [1100827]
|
| 050 |
0 |
0 |
|a TT119.W4
|b G313 1970
|
| 082 |
0 |
|
|a 745.5/0966
|
| 100 |
1 |
|
|a Gardi, René.
|
| 240 |
1 |
0 |
|a Unter afrikanischen Handwerkern. English
|
| 245 |
1 |
0 |
|a African crafts and craftsmen /
|c English translation by Sigrid MacRae.
|
| 264 |
|
1 |
|a New York :
|b Van Nostrand Reinhold Co.,
|c [1970]
|
| 264 |
|
4 |
|c [©1969]
|
| 300 |
|
|
|a 243 pages :
|b illustrations (part color), color map. ;
|c 31 cm.
|
| 336 |
|
|
|a text
|b txt
|2 rdacontent
|
| 337 |
|
|
|a unmediated
|b n
|2 rdamedia
|
| 338 |
|
|
|a volume
|b nc
|2 rdacarrier
|
| 500 |
|
|
|a Translation of Unter afrikanischen Handwerkern.
|
| 536 |
|
|
|a From the collection of Dolores Richter, August 1997.
|
| 650 |
|
0 |
|a Handicraft
|z Africa, West.
|
| 999 |
|
|
|a MARS
|
| 999 |
f |
f |
|s 442f8a78-4a2f-3f00-8d20-3f4b2db52400
|i ba750448-3407-38ed-afd9-59f92a87eab1
|t 0
|
| 952 |
f |
f |
|p ric
|a Texas A&M University
|b Rellis Campus
|c Joint Library Facility
|d Remote Storage
|t 0
|e TT119.W4 G313 1970
|h Library of Congress classification
|i unmediated -- volume
|m A14823702432
|
| 952 |
f |
f |
|p normal
|a Texas A&M University
|b College Station
|c Sterling C. Evans Library
|d Evans: Library Stacks
|t 0
|e TT119.W4 G313 1970
|h Library of Congress classification
|i unmediated -- volume
|m A14805655653
|
| 998 |
f |
f |
|a TT119.W4 G313 1970
|t 0
|l Evans: Library Stacks
|
| 998 |
f |
f |
|a TT119.W4 G313 1970
|t 0
|l Remote Storage
|